[Event "XIX Weekend"]
[Site "Cocquio-Trevisago ITA"]
[Date "2006.11.26"]
[Round "3"]
[White "Reale, Simone"]
[Black "Tomasetto, Mauro"]
[Result "0-1"]
[WhiteElo "1392"]
[BlackElo "1641"]
[PlyCount "42"]
[EventDate "2006.11.25"]

1. e4 e6 2. d4 d5 3. exd5 exd5 4. Nf3 Bd6 5. Nc3 c6 6. Bd3 Ne7 7. Be3 O-O 8.
O-O Bg4 9. Qe2 Re8 10. Rae1 Be6 11. h3 Bf5 12. Bxf5 Nxf5 13. Qd3 Qd7 14. Bd2
Na6 15. Ne5 Bxe5 16. dxe5 Nb4 17. Qf3 Nxc2 18. Rc1 Ncd4 19. Qd3 Rxe5 20. g4 Nh4
21. Qxd4 Nf3+ 0-1

[Event "XIX Weekend"]
[Site "Cocquio-Trevisago ITA"]
[Date "2006.12.02"]
[Round "4"]
[White "Mondini, Francesco"]
[Black "Reale, Simone"]
[Result "1/2-1/2"]
[WhiteElo "1523"]
[BlackElo "1392"]
[PlyCount "54"]
[EventDate "2006.11.25"]

1. e4 c5 2. Nf3 d6 3. c3 Nf6 4. d3 Bg4 5. Be2 e6 6. O-O Be7 7. Bf4 O-O 8. h3
Bxf3 9. Bxf3 Nc6 10. Qc2 d5 11. exd5 exd5 12. Nd2 Qd7 13. Rfe1 Qf5 14. Bh2 Rfe8
15. Nf1 Rad8 16. Ne3 Qg5 17. Re2 Bd6 18. Bxd6 Rxd6 19. Rae1 Ne5 20. Bg4 h5 21.
h4 Qg6 22. Nf5 Qxg4 23. Nxd6 Nf3+ 24. Kf1 Nh2+ 25. Kg1 Nf3+ 26. Kf1 Nh2+ 27.
Kg1 Nf3+ 1/2-1/2

[Event "XXVII Memorial Edoardo Crespi C"]
[Site "Milano ITA"]
[Date "2006.12.09"]
[Round "5"]
[White "Vignoli, Ernesto"]
[Black "Reale, Simone"]
[Result "0-1"]
[WhiteElo "1308"]
[BlackElo "1392"]
[PlyCount "58"]
[EventDate "2006.12.07"]

1. e4 c5 2. Nf3 d6 3. d4 cxd4 4. Nxd4 Nf6 5. Nc3 a6 6. Bg5 e6 7. a4 Be7 8. Be3
Bd7 9. h3 Nc6 10. Nb3 O-O 11. Bc4 Na5 12. Qd3 Nxc4 13. Qxc4 Rc8 14. Qd3 Bc6 15.
a5 d5 16. f3 e5 17. O-O-O d4 18. Nxd4 exd4 19. Bxd4 Qxa5 20. e5 Nd7 21. Rhe1
Bd5 22. Nb1 Rc7 23. Re2 Nc5 24. Qe3 Nb3+ 25. Qxb3 Bxb3 26. Rd3 Bxc2 27. Rxc2
Qe1+ 28. Rd1 Bg5+ 29. Nd2 Bxd2+ 0-1

[Event "I Weekend Accademia"]
[Site "Milano ITA"]
[Date "2006.10.29"]
[Round "6"]
[White "Atzori, Mauro"]
[Black "Chinnici, Giorgio"]
[Result "0-1"]
[WhiteElo "1562"]
[BlackElo "1733"]
[PlyCount "90"]
[EventDate "2006.10.21"]

1. Nf3 Nf6 2. d4 g6 3. g3 Bg7 4. Bg2 O-O 5. O-O d5 6. c3 Nbd7 7. Nbd2 c5 8. Re1
cxd4 9. cxd4 Nb6 10. Nb3 Nc4 11. e3 b6 12. Nfd2 Nd6 13. Bf1 Bb7 14. Nb1 Rc8 15.
Nc3 Qd7 16. Nd2 Nfe4 17. Ndxe4 dxe4 18. Bd2 Rc7 19. b3 Rfc8 20. Rc1 f5 21. h4
Kh8 22. Bh3 Nf7 23. a4 Bc6 24. Kh2 e5 25. d5 Bxd5 26. Nxd5 Qxd5 27. Bf1 Rxc1
28. Bxc1 Qc6 29. Ba6 Rd8 30. Qe2 Qd6 31. Qc4 Nh6 32. Qc3 Ng4+ 33. Kg2 f4 34.
Bc8 f3+ 35. Kg1 Nh6 36. Ba6 Nf7 37. Qc4 Qd3 38. Qxf7 Qxa6 39. Ba3 Qc8 40. Kh2
Rd2 41. Rf1 Qd7 42. Qc4 h5 43. Qxe4 Qd3 44. Qa8+ Kh7 45. Kg1 Qxf1+ 0-1

[Event "XIV Open Nicolo' La Rosa"]
[Site "Mazara del Vallo ITA"]
[Date "2006.08.11"]
[Round "1"]
[White "Cammarata, Antonino"]
[Black "Speciale, Francesco"]
[Result "0-1"]
[WhiteElo "1516"]
[BlackElo "1751"]
[PlyCount "50"]
[EventDate "2006.08.11"]

1. e4 g6 2. c4 Bg7 3. Nf3 d6 4. Be2 Nd7 5. O-O Ngf6 6. Nc3 O-O 7. d3 c5 8. Bg5
Ng4 9. Qd2 f6 10. Bh4 Nge5 11. h3 Nxf3+ 12. Bxf3 Ne5 13. Be2 Be6 14. f4 Nc6 15.
Bg4 Bxg4 16. hxg4 Qd7 17. g5 Qg4 18. gxf6 exf6 19. Bf2 Rae8 20. Nd5 f5 21. Nc7
Nd4 22. Qd1 Ne2+ 23. Qxe2 Qxe2 24. Nxe8 Rxe8 25. Rfe1 Qxb2 0-1

[Event "XIV Open Nicolo' La Rosa"]
[Site "Mazara del Vallo ITA"]
[Date "2006.08.11"]
[Round "1"]
[White "Cartolina, Carmelo"]
[Black "Serio, Danilo"]
[Result "0-1"]
[WhiteElo "1563"]
[BlackElo "1940"]
[PlyCount "58"]
[EventDate "2006.08.11"]

1. e4 d5 2. exd5 Nf6 3. c4 c6 4. dxc6 Nxc6 5. Nf3 e5 6. Nc3 Bf5 7. Be2 Nb4 8.
O-O Bc2 9. Qe1 e4 10. Ng5 h6 11. Nh3 Bc5 12. a3 Nd3 13. Bxd3 Bxd3 14. Nf4 Bxf1
15. Nxe4 O-O 16. Kxf1 Nxe4 17. Qxe4 Re8 18. Qxb7 Qd4 19. Qf3 Qe5 20. Nd3 Qxh2
21. g3 Rad8 22. Nxc5 Qh3+ 23. Qg2 Re1+ 24. Kxe1 Qxg2 25. d3 Re8+ 26. Ne4 f5 27.
Kd1 fxe4 28. dxe4 Qxe4 29. Bd2 Qh1+ 0-1

[Event "XIV Open Nicolo' La Rosa"]
[Site "Mazara del Vallo ITA"]
[Date "2006.08.11"]
[Round "1"]
[White "Cerami, Giuseppe"]
[Black "Bonanno, Giuseppe"]
[Result "1/2-1/2"]
[WhiteElo "1796"]
[BlackElo "1530"]
[PlyCount "76"]
[EventDate "2006.08.11"]

1. b4 c6 2. Bb2 d5 3. e3 Nd7 4. c4 e5 5. a3 Ngf6 6. Nf3 Bd6 7. d3 O-O 8. Nbd2
b6 9. Be2 Qe7 10. cxd5 cxd5 11. Rc1 Bb7 12. O-O Rfc8 13. Nh4 g6 14. Rxc8+ Rxc8
15. Bf3 e4 16. dxe4 Nxe4 17. Nxe4 dxe4 18. Bg4 Rd8 19. g3 Ne5 20. Bd4 Nxg4 21.
Qxg4 Bc8 22. Qe2 Be6 23. Qb2 Rc8 24. Rd1 Rc4 25. Bh8 Kf8 26. Bf6 Qc7 27. Bh8
Ke8 28. Ng2 Rc2 29. Qa1 Re2 30. Qb1 Qc6 31. Nf4 Bxf4 32. gxf4 Qc2 33. Qxc2 Rxc2
34. Be5 Bg4 35. Rd4 Bf3 36. h4 Rc1+ 37. Kh2 Rh1+ 38. Kg3 Rg1+ 1/2-1/2

[Event "XIV Open Nicolo' La Rosa"]
[Site "Mazara del Vallo ITA"]
[Date "2006.08.11"]
[Round "1"]
[White "Internicola, Dario"]
[Black "Riceputi, Vincenzo"]
[Result "0-1"]
[WhiteElo "1544"]
[BlackElo "1873"]
[PlyCount "67"]
[EventDate "2006.08.11"]

1. e4 c5 2. Nf3 d6 3. Bc4 e6 4. c3 Nf6 5. d3 Be7 6. Be3 Ng4 7. Nbd2 Nc6 8. h3
Nxe3 9. fxe3 Bh4+ 10. Ke2 O-O 11. Nxh4 Qxh4 12. Nf3 Qg3 13. Qf1 Na5 14. Bb3
Nxb3 15. axb3 e5 16. Qf2 Qg6 17. Nh4 Qg5 18. g4 Be6 19. c4 b5 20. Nf5 bxc4 21.
bxc4 Rfb8 22. Kd1 Rb3 23. Ra3 Rab8 24. Rxb3 Rxb3 25. Kc2 Rb6 26. Rg1 Qd8 27. h4
Qc7 28. g5 Qb7 29. Kc1 Ra6 30. Kc2 Ra2 31. Kb1 Bxc4 32. dxc4 Qxe4+ 33. Kc1
Qxc4+ 34. Qc2 0-1

[Event "XIV Open Nicolo' La Rosa"]
[Site "Mazara del Vallo ITA"]
[Date "2006.08.11"]
[Round "1"]
[White "Iracani, Michele"]
[Black "Messina, Damiano"]
[Result "0-1"]
[WhiteElo "1612"]
[BlackElo "2064"]
[PlyCount "58"]
[EventDate "2006.08.11"]

1. e4 e6 2. d4 d5 3. e5 c5 4. Nf3 Nc6 5. Bb5 Qb6 6. Bxc6+ bxc6 7. O-O cxd4 8.
c4 Ba6 9. Re1 Bxc4 10. b3 Ba6 11. Nxd4 Ne7 12. Bb2 c5 13. Nc2 Nc6 14. Nba3 Be7
15. Kh1 O-O 16. f4 d4 17. Rb1 d3 18. Ne3 Nb4 19. Nec4 Qc7 20. Nd2 Bb7 21. Re3
Rfd8 22. Rg3 Nd5 23. Qg4 Bf8 24. Nac4 Ne7 25. Bc3 Nf5 26. Ba5 Nxg3+ 27. Qxg3
Qd7 28. Bxd8 Rxd8 29. Ne4 Bxe4 0-1

[Event "XIV Open Nicolo' La Rosa"]
[Site "Mazara del Vallo ITA"]
[Date "2006.08.11"]
[Round "1"]
[White "Melia, Lorenzo"]
[Black "Architetto, Sandro"]
[Result "1/2-1/2"]
[WhiteElo "1727"]
[BlackElo "1509"]
[PlyCount "119"]
[EventDate "2006.08.11"]

1. e4 e6 2. d4 Nc6 3. Nc3 a6 4. Be3 Nf6 5. Bd3 d5 6. e5 Nd7 7. Nh3 h6 8. O-O
Be7 9. Qg4 g6 10. Bxg6 Ndxe5 11. dxe5 Nxe5 12. Bxf7+ Nxf7 13. Nf4 e5 14. Ne6
Bxe6 15. Qxe6 d4 16. Rad1 Qc8 17. Qxc8+ Rxc8 18. Bxd4 exd4 19. Rxd4 c6 20. Re1
Rd8 21. Rde4 Rd7 22. Ne2 Kd8 23. Nf4 Ng5 24. R4e2 Rg8 25. Kf1 Bd6 26. Ne6+ Nxe6
27. Rxe6 Bxh2 28. g3 Rf8 29. Kg2 Bxg3 30. fxg3 Rd2+ 31. R1e2 Rxe2+ 32. Rxe2 h5
33. Kh3 Kc8 34. Kh4 Rf3 35. Re5 Rf2 36. Rc5 Rh2+ 37. Kg5 Kc7 38. Kf4 Kd6 39.
Rc4 Kd5 40. Rc3 Kd4 41. Rd3+ Kc5 42. Rb3 b5 43. Rc3+ Kb6 44. a3 Rh3 45. Kg5 Rh2
46. b4 Kb7 47. Kf6 Kc7 48. Kg5 Kb6 49. Kg6 Kc7 50. Rc5 Rh3 51. Rg5 Kb6 52. Kf6
Kc7 53. Ke5 Rh2 54. Kd4 Rd2+ 55. Ke3 Rh2 56. Rg7+ Kb6 57. Rh7 Rh3 58. Kf4 Rh1
59. g4 Rf1+ 60. Kg3 1/2-1/2

[Event "XIV Open Nicolo' La Rosa"]
[Site "Mazara del Vallo ITA"]
[Date "2006.08.11"]
[Round "1"]
[White "Napoli, Nicolo'"]
[Black "Alcide, Fabio"]
[Result "1-0"]
[WhiteElo "2216"]
[BlackElo "1616"]
[PlyCount "51"]
[EventDate "2006.08.11"]

1. e4 e5 2. Nf3 Nf6 3. Nxe5 d6 4. Nf3 Nxe4 5. Nc3 Nxc3 6. dxc3 Be7 7. Bf4 O-O
8. Qd2 Bg4 9. O-O-O Bxf3 10. gxf3 Nc6 11. Rg1 Bf6 12. Bd3 Ne5 13. Bh6 Kh8 14.
Be4 Rb8 15. h4 Rg8 16. Bf4 Qd7 17. Bg5 Qe6 18. Bd5 Qe7 19. f4 Nd7 20. Rde1 Qf8
21. Qe2 c6 22. Be4 g6 23. Qg4 Rd8 24. h5 h6 25. hxg6 hxg5 26. Qh3+ 1-0

[Event "XIV Open Nicolo' La Rosa"]
[Site "Mazara del Vallo ITA"]
[Date "2006.08.11"]
[Round "1"]
[White "Nicolosi, Daniele"]
[Black "Imburgia, Giuseppe"]
[Result "1-0"]
[WhiteElo "2029"]
[BlackElo "1572"]
[PlyCount "49"]
[EventDate "2006.08.11"]

1. d4 d5 2. e3 Nf6 3. Bd3 Nc6 4. b3 Nb4 5. Bb2 Nxd3+ 6. cxd3 Bf5 7. Nf3 e6 8.
O-O Bb4 9. Ne5 O-O 10. a3 Bd6 11. Qe2 Bxe5 12. dxe5 Nd7 13. f4 Nc5 14. Rd1 Nxb3
15. Ra2 c6 16. e4 Qb6+ 17. Kh1 Bg6 18. g4 h6 19. f5 exf5 20. exf5 Bh7 21. Rg1
Nd4 22. Qe3 Qb3 23. Qxh6 g6 24. Bxd4 Kh8 25. e6+ 1-0

[Event "XIV Open Nicolo' La Rosa"]
[Site "Mazara del Vallo ITA"]
[Date "2006.08.11"]
[Round "1"]
[White "Roberti, Ignazio"]
[Black "Internicola, Vincenzo"]
[Result "1-0"]
[WhiteElo "1918"]
[BlackElo "1554"]
[PlyCount "73"]
[EventDate "2006.08.11"]

1. e4 e5 2. Nf3 Nf6 3. Nxe5 Qe7 4. d4 d6 5. Nf3 Nxe4 6. Be2 Qd8 7. c4 Be7 8.
Nc3 Nxc3 9. bxc3 b6 10. O-O O-O 11. Bd3 Bb7 12. Re1 Nd7 13. a4 a5 14. Qc2 h6
15. Bh7+ Kh8 16. Be4 Bxe4 17. Qxe4 Re8 18. Qd5 Kg8 19. Bf4 Nf6 20. Qf5 Qd7 21.
Qd3 Qg4 22. Bg3 Bf8 23. h3 Rxe1+ 24. Rxe1 Qd7 25. Qc2 Re8 26. Bh4 Rxe1+ 27.
Nxe1 Qe6 28. Nf3 Qxc4 29. Bxf6 gxf6 30. Nh4 c5 31. Nf5 cxd4 32. Nxd4 d5 33. g3
Bc5 34. Nf5 Bf8 35. Nd4 Bg7 36. Nf5 Qc8 37. Ne7+ 1-0

[Event "XIV Open Nicolo' La Rosa"]
[Site "Mazara del Vallo ITA"]
[Date "2006.08.11"]
[Round "2"]
[White "Alcide, Fabio"]
[Black "Internicola, Dario"]
[Result "1-0"]
[WhiteElo "1616"]
[BlackElo "1544"]
[PlyCount "37"]
[EventDate "2006.08.11"]

1. e4 c5 2. Nf3 Nc6 3. Bb5 g6 4. O-O Bg7 5. Bxc6 dxc6 6. d3 Nf6 7. Nc3 O-O 8.
Be3 b6 9. h3 Qc7 10. Qd2 Rd8 11. Rad1 e5 12. Qc1 Ba6 13. Rfe1 c4 14. d4 exd4
15. Bxd4 c5 16. Bxf6 Bxf6 17. Nd5 Qc6 18. c3 Bg7 19. Ne7+ 1-0

[Event "XIV Open Nicolo' La Rosa"]
[Site "Mazara del Vallo ITA"]
[Date "2006.08.11"]
[Round "2"]
[White "Architetto, Sandro"]
[Black "Cerami, Giuseppe"]
[Result "0-1"]
[WhiteElo "1509"]
[BlackElo "1796"]
[PlyCount "98"]
[EventDate "2006.08.11"]

1. e4 e6 2. Nf3 d5 3. exd5 exd5 4. d4 Bd6 5. h3 Ne7 6. c4 c6 7. a3 Bf5 8. Nc3
Nd7 9. Bd3 O-O 10. c5 Bc7 11. O-O h6 12. Ne2 Bxd3 13. Qxd3 Ng6 14. Be3 Qf6 15.
Ng3 Rfe8 16. Nh5 Qd8 17. Rfe1 Nf6 18. Nxf6+ Qxf6 19. Re2 Re4 20. Rae1 Rae8 21.
Qd2 Nf4 22. Bxf4 Rxe2 23. Rxe2 Rxe2 24. Qxe2 Bxf4 25. g3 Bc7 26. h4 Kf8 27. Ne5
Qe7 28. f4 Kg8 29. Kf2 Qe6 30. Ng4 Qe4 31. Qxe4 dxe4 32. Ke2 f5 33. Ne3 g6 34.
d5 cxd5 35. Nxd5 Bd8 36. b4 Kf7 37. Ne3 Ke6 38. g4 Bxh4 39. gxf5+ gxf5 40. b5
Be7 41. c6 bxc6 42. bxc6 Bd6 43. a4 Bxf4 44. Nc4 Bc7 45. Ke3 Kd5 46. Nd2 Kxc6
47. Nb3 Kd5 48. Nd4 Bb6 49. Kf4 Bxd4 0-1

[Event "XIV Open Nicolo' La Rosa"]
[Site "Mazara del Vallo ITA"]
[Date "2006.08.11"]
[Round "2"]
[White "Bonanno, Giuseppe"]
[Black "Melia, Lorenzo"]
[Result "0-1"]
[WhiteElo "1530"]
[BlackElo "1727"]
[PlyCount "112"]
[EventDate "2006.08.11"]

1. e4 e5 2. Nf3 Nf6 3. Nc3 Bb4 4. d3 d5 5. exd5 Nxd5 6. Bd2 Nxc3 7. bxc3 Bd6 8.
Be2 O-O 9. O-O Nd7 10. Re1 b6 11. Be3 Bb7 12. Nd2 f5 13. Nc4 Be7 14. f4 exf4
15. Bxf4 Bg5 16. Qd2 Bxf4 17. Qxf4 Nc5 18. Nd2 Ne6 19. Qf2 Rf6 20. Rad1 Rg6 21.
Bf3 Bxf3 22. Qxf3 Qf8 23. Qd5 Qc5+ 24. Qxc5 Nxc5 25. Nb3 Na4 26. c4 Nc3 27. Ra1
Kf7 28. Nd4 Rf6 29. Nb5 Nxb5 30. cxb5 Rd6 31. Rad1 a6 32. a4 axb5 33. axb5 Ra2
34. Rd2 Rd5 35. Rb1 Rc5 36. g4 Rcxc2 37. Rxc2 Rxc2 38. gxf5 Rc3 39. d4 Rc4 40.
Rd1 Rb4 41. Rc1 Rxb5 42. Rxc7+ Kf6 43. Rd7 Rb1+ 44. Kg2 b5 45. Kf3 b4 46. Ke4
b3 47. Kd3 Rf1 48. Rb7 Rxf5 49. Kc4 Rf2 50. Rxb3 Rxh2 51. d5 Rc2+ 52. Kb5 Ke5
53. Rd3 Kd6 54. Rg3 Rc7 55. Kb6 Rf7 56. Rd3 Rf5 0-1

[Event "XIV Open Nicolo' La Rosa"]
[Site "Mazara del Vallo ITA"]
[Date "2006.08.11"]
[Round "2"]
[White "Di Liberti, Ivan"]
[Black "Cartolina, Carmelo"]
[Result "1-0"]
[WhiteElo "1689"]
[BlackElo "1563"]
[PlyCount "61"]
[EventDate "2006.08.11"]

1. e4 e5 2. Nf3 Nc6 3. Bc4 Be7 4. Nc3 Nf6 5. O-O Na5 6. Bxf7+ Kxf7 7. Nxe5+ Ke8
8. d4 d6 9. Nd3 c5 10. Be3 Nc6 11. d5 c4 12. dxc6 cxd3 13. Qxd3 bxc6 14. f4 Kf7
15. Qc4+ d5 16. Qxc6 dxe4 17. Qxa8 Rf8 18. Nxe4 Nxe4 19. Qxe4 Kg8 20. Rad1 Qc7
21. g3 Bf5 22. Qd5+ Kh8 23. Bd4 Qxc2 24. Rc1 Qd3 25. Rfd1 Qe4 26. Qxe4 Bxe4 27.
Re1 Bd5 28. Rxe7 Bxa2 29. Bxg7+ Kg8 30. Bxf8 Kxf8 31. Rxa7 1-0

[Event "XIV Open Nicolo' La Rosa"]
[Site "Mazara del Vallo ITA"]
[Date "2006.08.11"]
[Round "2"]
[White "Imburgia, Giuseppe"]
[Black "Cammarata, Antonino"]
[Result "1/2-1/2"]
[WhiteElo "1572"]
[BlackElo "1516"]
[PlyCount "75"]
[EventDate "2006.08.11"]

1. d4 Nf6 2. c4 e6 3. Nc3 Bb4 4. Bd2 d5 5. e3 Bd7 6. Nf3 c5 7. Qb3 Bc6 8. a3
Bxc3 9. Bxc3 Nbd7 10. Be2 Qc7 11. O-O Ng4 12. g3 b6 13. Nd2 Ngf6 14. Qc2 Qb7
15. dxc5 bxc5 16. Bf3 dxc4 17. Bxc6 Qxc6 18. Bxf6 Nxf6 19. Qxc4 O-O 20. Rac1
Rac8 21. b4 Rfd8 22. Nb3 Nd7 23. Nxc5 Ne5 24. Qe4 Qxe4 25. Nxe4 Rxc1 26. Rxc1
f5 27. Ng5 Re8 28. Rc7 h6 29. f4 Ng4 30. Nf3 Nxe3 31. Rxa7 Rc8 32. h3 Rc3 33.
a4 Nc2 34. Kg2 Nxb4 35. Nd4 Re3 36. Re7 Re4 37. Nf3 Nd5 38. Ra7 1/2-1/2

[Event "XIV Open Nicolo' La Rosa"]
[Site "Mazara del Vallo ITA"]
[Date "2006.08.11"]
[Round "2"]
[White "Internicola, Vincenzo"]
[Black "Iracani, Michele"]
[Result "1-0"]
[WhiteElo "1554"]
[BlackElo "1612"]
[PlyCount "121"]
[EventDate "2006.08.11"]

1. e4 e5 2. Nf3 Nc6 3. d4 exd4 4. Nxd4 Qf6 5. Nxc6 dxc6 6. Bd3 Bc5 7. O-O Be6
8. c3 O-O-O 9. Qe2 b5 10. a4 Nh6 11. Bxh6 Qxh6 12. axb5 cxb5 13. Bxb5 Kb8 14.
Ba6 Rd6 15. Qb5+ Bb6 16. c4 Bd7 17. Qb4 c5 18. Qb3 Kc7 19. Nc3 Kd8 20. Nd5 Re8
21. f3 Ree6 22. Rfd1 Ke8 23. Bb5 Kf8 24. Bxd7 Rxd7 25. Nxb6 Rxb6 26. Qc3 Re7
27. Rd5 Rc6 28. Rad1 Qf6 29. Rd7 Ra6 30. Qd3 Rxd7 31. Qxd7 g6 32. Qc8+ Kg7 33.
Qxc5 Qxb2 34. Qd4+ Qxd4+ 35. Rxd4 Ra2 36. c5 a5 37. Rc4 Rb2 38. c6 Rb8 39. c7
Rc8 40. Kf2 a4 41. Rxa4 Rxc7 42. Ra5 Rc3 43. h4 h5 44. Kg3 Rc2 45. Rd5 Rb2 46.
Rg5 Kh6 47. Kf4 f6 48. Rg3 Rb1 49. Rh3 Rg1 50. g3 Rc1 51. g4 hxg4 52. fxg4 Kg7
53. g5 Rc4 54. gxf6+ Kxf6 55. Rd3 Kg7 56. Rd5 Kh6 57. Rd6 Rb4 58. Re6 Rb2 59.
e5 Rf2+ 60. Kg3 Re2 61. Re8 1-0

[Event "XIV Open Nicolo' La Rosa"]
[Site "Mazara del Vallo ITA"]
[Date "2006.08.11"]
[Round "2"]
[White "Laudicina, Mariangela"]
[Black "Roberti, Ignazio"]
[Result "0-1"]
[WhiteElo "1410"]
[BlackElo "1918"]
[PlyCount "70"]
[EventDate "2006.08.11"]

1. e4 e5 2. Nf3 Nc6 3. Bc4 Bc5 4. d3 d6 5. h3 a6 6. Nc3 b5 7. Bd5 Bb7 8. Ng5
Nh6 9. Qf3 O-O 10. Qg3 Qf6 11. Be3 Ba7 12. O-O-O b4 13. Ne2 a5 14. Nf3 a4 15.
Bg5 Qg6 16. Nh4 Qh5 17. Nf5 Nxf5 18. exf5 Bxf2 19. Qxf2 Qxg5+ 20. Kb1 b3 21.
cxb3 axb3 22. Bxb3 Na5 23. h4 Qxg2 24. Qe3 Nxb3 25. Rhg1 Qf3 26. Rg3 Qxe3 27.
Rxe3 Nd4 28. h5 Nxe2 29. Rxe2 Bf3 30. Rg1 Bxe2 31. f6 Bxd3+ 32. Ka1 g6 33. a3
e4 34. hxg6 fxg6 35. Rc1 c5 0-1

[Event "XIV Open Nicolo' La Rosa"]
[Site "Mazara del Vallo ITA"]
[Date "2006.08.11"]
[Round "2"]
[White "Messina, Damiano"]
[Black "Melograni, Francesco"]
[Result "1/2-1/2"]
[WhiteElo "2064"]
[BlackElo "1676"]
[PlyCount "118"]
[EventDate "2006.08.11"]

1. e4 e5 2. Nf3 Nc6 3. Bb5 d6 4. O-O Nf6 5. Re1 Be7 6. c3 O-O 7. h3 a6 8. Ba4
h6 9. d4 exd4 10. cxd4 Bd7 11. Nc3 Nh7 12. Be3 Bg5 13. Nxg5 Nxg5 14. Qh5 Qe7
15. Bc2 Rae8 16. f4 Nh7 17. e5 dxe5 18. dxe5 Rd8 19. Nd5 Qe6 20. Rad1 Ne7 21.
Bb3 c6 22. Nf6+ Nxf6 23. exf6 Qxf6 24. Bd4 Qg6 25. Qf3 Be6 26. Bc5 Rxd1 27.
Rxd1 Re8 28. Bxe7 Rxe7 29. Rd8+ Kh7 30. Bxe6 Qxe6 31. Qd3+ Qe4 32. Qxe4+ Rxe4
33. Rd7 Rb4 34. b3 Kg6 35. f5+ Kxf5 36. Rxf7+ Kg6 37. Rd7 c5 38. Kf2 c4 39. Rd4
a5 40. Rxc4 Rxc4 41. bxc4 Kf6 42. Ke3 Ke5 43. h4 h5 44. g3 b6 45. a3 a4 46. Kd3
g6 47. Ke3 Kf5 48. Kd4 Kg4 49. Kd5 Kxg3 50. Kc6 Kxh4 51. Kxb6 g5 52. c5 g4 53.
c6 g3 54. c7 g2 55. c8=Q g1=Q+ 56. Ka6 Qg6+ 57. Ka5 Qg5+ 58. Ka6 Qf4 59. Qc6
Kg3 1/2-1/2

[Event "XIV Open Nicolo' La Rosa"]
[Site "Mazara del Vallo ITA"]
[Date "2006.08.11"]
[Round "2"]
[White "Riceputi, Vincenzo"]
[Black "Napoli, Nicolo'"]
[Result "0-1"]
[WhiteElo "1873"]
[BlackElo "2216"]
[PlyCount "36"]
[EventDate "2006.08.11"]

1. e4 Nc6 2. f4 d5 3. exd5 Qxd5 4. Nc3 Qd6 5. Nf3 Bg4 6. Nb5 Qd7 7. h3 Bxf3 8.
Qxf3 a6 9. Na3 O-O-O 10. c3 e5 11. d3 Nf6 12. Be2 Bc5 13. f5 Rhe8 14. Bg5 e4
15. dxe4 Nxe4 16. Bxd8 Qd2+ 17. Kf1 Ng3+ 18. Qxg3 Qxe2# 0-1

[Event "XIV Open Nicolo' La Rosa"]
[Site "Mazara del Vallo ITA"]
[Date "2006.08.11"]
[Round "2"]
[White "Speciale, Francesco"]
[Black "Nicolosi, Daniele"]
[Result "1-0"]
[WhiteElo "1751"]
[BlackElo "2029"]
[PlyCount "51"]
[EventDate "2006.08.11"]

1. Nf3 g6 2. d4 Bg7 3. c4 d6 4. Nc3 Nd7 5. e4 e5 6. d5 Ne7 7. Bd3 O-O 8. Bd2 f5
9. exf5 gxf5 10. Ng5 Nf6 11. Qb3 h6 12. Ne6 Bxe6 13. dxe6 b6 14. O-O-O c6 15.
Rhe1 Qc7 16. Kb1 d5 17. cxd5 cxd5 18. Nb5 Qb7 19. Rxe5 Ne4 20. Bxe4 dxe4 21.
Qg3 Kh7 22. Bc3 Rad8 23. Nd6 Qc7 24. Qxg7+ Kxg7 25. Rc5+ Kg6 26. Rxc7 1-0

[Event "XIV Open Nicolo' La Rosa"]
[Site "Mazara del Vallo ITA"]
[Date "2006.08.12"]
[Round "3"]
[White "Cammarata, Antonino"]
[Black "Bonanno, Giuseppe"]
[Result "0-1"]
[WhiteElo "1516"]
[BlackElo "1530"]
[PlyCount "80"]
[EventDate "2006.08.11"]

1. e4 c6 2. Nc3 d5 3. exd5 cxd5 4. g3 e5 5. d4 e4 6. Bh3 Bb4 7. Bd2 Nf6 8. Bxc8
Bxc3 9. Bxb7 Bxb2 10. Bxa8 Bxa1 11. Qxa1 O-O 12. Nh3 Qc7 13. Qc3 Qd7 14. Nf4
Rc8 15. Qb3 Rd8 16. Ba5 Re8 17. Bxd5 Nxd5 18. Qxd5 Qa4 19. O-O Nd7 20. Bd2 Nf6
21. Qg5 Qxc2 22. Be3 h6 23. Qa5 Qc8 24. Kg2 Qg4 25. f3 exf3+ 26. Rxf3 Rc8 27.
Qe5 Re8 28. h3 Qc8 29. Qc5 Qb7 30. d5 Rc8 31. Qxa7 Qb2+ 32. Rf2 Qb1 33. Nh5
Qe4+ 34. Kh2 Nxh5 35. Qxf7+ Kh8 36. Qxh5 Qxe3 37. Qf5 Rc3 38. Qf4 Qe1 39. d6
Rc1 40. Qf3 Qg1# 0-1

[Event "XIV Open Nicolo' La Rosa"]
[Site "Mazara del Vallo ITA"]
[Date "2006.08.12"]
[Round "3"]
[White "Cerami, Giuseppe"]
[Black "Melograni, Francesco"]
[Result "1/2-1/2"]
[WhiteElo "1796"]
[BlackElo "1676"]
[PlyCount "48"]
[EventDate "2006.08.11"]

1. b4 e5 2. Bb2 d6 3. e3 f5 4. Bc4 Nf6 5. Ne2 d5 6. Bb3 Bd6 7. b5 Be6 8. d3
Nbd7 9. Nd2 Qe7 10. O-O O-O 11. f4 e4 12. Nd4 exd3 13. cxd3 Nc5 14. Qe2 Nxb3
15. N2xb3 Bd7 16. h3 Rac8 17. Rf3 h6 18. Bc3 Kh8 19. Re1 Qf7 20. Qf2 Rg8 21.
Nd2 Rge8 22. Nf1 Rg8 23. Kh1 Kh7 24. Qh4 Qh5 1/2-1/2

[Event "XIV Open Nicolo' La Rosa"]
[Site "Mazara del Vallo ITA"]
[Date "2006.08.12"]
[Round "3"]
[White "Di Liberti, Ivan"]
[Black "Laudicina, Mariangela"]
[Result "0-1"]
[WhiteElo "1689"]
[BlackElo "1410"]
[PlyCount "62"]
[EventDate "2006.08.11"]

1. e4 e5 2. Nf3 Nc6 3. Bc4 Bc5 4. Nc3 d6 5. h3 a6 6. d3 h6 7. Be3 Bxe3 8. fxe3
Be6 9. Bd5 Nge7 10. O-O Qd7 11. d4 O-O-O 12. Bxc6 bxc6 13. d5 cxd5 14. exd5 Bf5
15. e4 Bxh3 16. Qd3 Qg4 17. Qxa6+ Kd7 18. Ne1 f5 19. exf5 Nxf5 20. Qd3 Nh4 21.
Qxh3 h5 22. Rf7+ Ke8 23. Rxc7 g5 24. Ne4 Rf8 25. Nxg5 Rg8 26. Nh7 Qxh3 27. Nf6+
Kf8 28. Nxg8 Qe3+ 29. Kh1 Kxg8 30. a4 Rf8 31. Rc4 Qg3 0-1

[Event "XIV Open Nicolo' La Rosa"]
[Site "Mazara del Vallo ITA"]
[Date "2006.08.12"]
[Round "3"]
[White "Internicola, Dario"]
[Black "Cartolina, Carmelo"]
[Result "0-1"]
[WhiteElo "1544"]
[BlackElo "1563"]
[PlyCount "72"]
[EventDate "2006.08.11"]

1. e4 e5 2. Nf3 Nc6 3. Bc4 Bc5 4. c3 Nf6 5. d4 exd4 6. cxd4 Bb4+ 7. Nc3 Nxe4 8.
O-O Bxc3 9. bxc3 O-O 10. Qc2 Re8 11. Re1 d5 12. Bd3 Bf5 13. Bb2 Qf6 14. a3 Nd6
15. Bxf5 Qxf5 16. Qd2 Nc4 17. Rxe8+ Rxe8 18. Qc1 Re2 19. Rb1 Rc2 20. Qe1 Qe6
21. Bc1 b6 22. Qxe6 fxe6 23. Ng5 Nd8 24. Bf4 Rxc3 25. g3 h6 26. Nh3 Nc6 27.
Bxc7 Nxd4 28. Ra1 Nb5 29. Bb8 a5 30. Nf4 Kf7 31. Ne2 Rxa3 32. Rb1 Ra2 33. Rxb5
Rxe2 34. Bc7 d4 35. Kf1 d3 36. Rb3 Nd2+ 0-1

[Event "XIV Open Nicolo' La Rosa"]
[Site "Mazara del Vallo ITA"]
[Date "2006.08.12"]
[Round "3"]
[White "Iracani, Michele"]
[Black "Architetto, Sandro"]
[Result "1-0"]
[WhiteElo "1612"]
[BlackElo "1509"]
[PlyCount "143"]
[EventDate "2006.08.11"]

1. e4 e6 2. d4 Nf6 3. e5 Nd5 4. c4 Nb6 5. Bd3 d6 6. exd6 cxd6 7. Nf3 N6d7 8.
O-O Be7 9. Qc2 Nf6 10. Nbd2 Bd7 11. Ne4 Bc6 12. Bd2 h6 13. b4 d5 14. Nxf6+ Bxf6
15. b5 Bd7 16. c5 Bc8 17. c6 bxc6 18. bxc6 Qc7 19. Rfc1 Ba6 20. Bxa6 Nxa6 21.
Rab1 Rc8 22. Rb7 Qd6 23. Rxa7 Nc7 24. Qb3 O-O 25. Bb4 Qf4 26. Bd2 Qf5 27. Qb6
Bd8 28. a4 Ne8 29. c7 Nxc7 30. Raxc7 Bxc7 31. Rxc7 Rxc7 32. Qxc7 Qb1+ 33. Be1
Rb8 34. h3 Rb7 35. Qc8+ Kh7 36. Kh2 Rb8 37. Qc7 f6 38. a5 Rb2 39. Qd6 Re2 40.
a6 e5 41. dxe5 fxe5 42. a7 Qa1 43. Qxd5 Qxa7 44. Qd3+ e4 45. Ng5+ Kg6 46. Qxe2
Qc7+ 47. Kg1 Kxg5 48. Qg4+ Kf6 49. Qxe4 Qe5 50. Qf3+ Ke6 51. Qc6+ Kf5 52. g4+
Kg5 53. Qc1+ Kg6 54. Qc2+ Kf7 55. Qb3+ Kg6 56. Qd3+ Kf7 57. Bc3 Qe6 58. Qh7 Qg6
59. Qxg7+ Qxg7 60. Bxg7 Kxg7 61. Kg2 Kg6 62. f4 Kf6 63. Kf3 Kg6 64. Ke4 Kf6 65.
Kd5 Kg6 66. Ke6 Kg7 67. Ke7 Kg6 68. f5+ Kg7 69. f6+ Kg8 70. f7+ Kh7 71. f8=Q h5
72. Kf7 1-0